00479nam a2200193Ia 4500003000400000005001700004008004100021020002200062040000700084041000800091082001600099100003400115245003100149260003900180300001700219365001300236650001400249650002200263OSt20230509095857.0210423s2013 xx 000 0 und d a978-81-8398-811-7 cAL aeng a547.84 SINO aSINGH (Jagdamba);DUBEY (R C). aOrganic polymer chemistry. aNew DelhibPragati Prakashanc2013 aviii,176bPB b135cINR aChemistry aOrganic Chemistry